000 00623nam a2200181Ia 4500
020 _a9251024510
040 _cTXA
082 _a634 FOO 1986 A049 Or.
245 0 0 _aGuidelines for forestry information processing with particular reference to developing countries /
260 _aRome :
_bFood and Agriculture Organization of the United Nations,
_c1986
300 _a105, [34] p. :
_bill. ;
_c30 cm
490 1 _aFAO forestry paper
650 0 _aForests and forestry
650 0 _aForests and forestry
700 1 0 _avan Roessel, J. W
710 2 0 _aFood and Agriculture Organization of the United Nations.
942 _cEK
999 _c14333
_d14333